MyGZULibrary

Deviancy and the family / (Record no. 2551)

MARC details
000 -LEADER
fixed length control field 00816cam a2200265 4500
001 - CONTROL NUMBER
control field 299155
003 - CONTROL NUMBER IDENTIFIER
control field GZU
005 - DATE AND TIME OF LATEST TRANSACTION
control field 20201124145052.0
008 - FIXED-LENGTH DATA ELEMENTS--GENERAL INFORMATION
fixed length control field 730717s1973 pau b 001 0 eng
010 ## - LIBRARY OF CONGRESS CONTROL NUMBER
LC control number 72077588
020 ## - INTERNATIONAL STANDARD BOOK NUMBER
International Standard Book Number 0803613253
040 ## - CATALOGING SOURCE
Original cataloging agency DLC
Transcribing agency DLC
Modifying agency DLC
043 ## - GEOGRAPHIC AREA CODE
Geographic area code n-us---
050 00 - LIBRARY OF CONGRESS CALL NUMBER
Classification number HQ536
Item number BRY 1973
100 1# - MAIN ENTRY--PERSONAL NAME
Personal name Bryant, Clifton D.,
Dates associated with a name 1932-
Relator term comp.
245 10 - TITLE STATEMENT
Title Deviancy and the family /
Statement of responsibility, etc. Edited by Clifton D. Bryant [and] J. Gipson Wells.
260 ## - PUBLICATION, DISTRIBUTION, ETC.
Place of publication, distribution, etc. Philadelphia,
Name of publisher, distributor, etc. F. A. Davis Co.
Date of publication, distribution, etc. [1973]
300 ## - PHYSICAL DESCRIPTION
Extent ix, 472 p.
Dimensions 23 cm.
504 ## - BIBLIOGRAPHY, ETC. NOTE
Bibliography, etc. note Includes bibliographical references.
650 #0 - SUBJECT ADDED ENTRY--TOPICAL TERM
Topical term or geographic name entry element Families
Geographic subdivision United States.
650 #0 - SUBJECT ADDED ENTRY--TOPICAL TERM
Topical term or geographic name entry element Deviant behavior.
700 1# - ADDED ENTRY--PERSONAL NAME
Personal name Wells, J. Gipson,
Relator term joint comp.
906 ## - LOCAL DATA ELEMENT F, LDF (RLIN)
a 7
b cbc
c orignew
d 2
e opcn
f 19
g y-gencatlg
942 ## - ADDED ENTRY ELEMENTS (KOHA)
Source of classification or shelving scheme Library of Congress Classification
Koha item type Books
Classification part 536
Item part BRY
Call number prefix HQ
Holdings
Withdrawn status Lost status Damaged status Not for loan Collection code Home library Current library Shelving location Date acquired Total Checkouts Full call number Barcode Date last seen Copy number Price effective from Koha item type
        Non-fiction City Campus Library City Campus Library General Stacks 11/03/2020   HQ 536 BRY 1973 024766 11/03/2020 c.1 11/03/2020 Books